| 000 | 00548 a2200157 4500 | ||
|---|---|---|---|
| 999 |
_c2183 _d2183 |
||
| 020 | _a9789956791293 | ||
| 050 | _aQH 77.A4 MAW 2014 | ||
| 100 |
_aMawere, Munyaradzi _eaurthor |
||
| 245 |
_aEnvironmental conservation through ubuntu and other emerging perspectives / _cMunyaradzi , Mawere |
||
| 264 |
_aCameroon: _bLangaa Research & Publishing, _c2014 |
||
| 300 | _a150p. : | ||
| 500 | _aIncludes bibliographical references | ||
| 650 |
_aNature conservation _xConservation of natural resources |
||
| 651 | _aAfrica | ||
| 942 |
_2lcc _cBK _h77. A4 _iMAW _kQH |
||